Countries Closest to the Netherlands - Statistics

General Stats
  • This quiz has been taken 3,937 times
  • The average score is 15 of 20
Answer Stats
km country miles % Correct
0 Germany 0
100%
0 Belgium 0
99%
0 France 0
99%
133 United Kingdom 83
98%
200 Denmark 124
96%
64 Luxembourg 39
96%
494 Norway 307
92%
371 Switzerland 230
92%
434 Sweden 269
90%
445 Austria 276
89%
463 Poland 288
87%
465 Liechtenstein 289
81%
411 Czechia 256
76%
27 Venezuela 17
52%
13 St Kitts and Nevis 8
51%
431 St Lucia 268
51%
493 St Vincent and the Grenadines 306
49%
119 Antigua and Barbuda 74
46%
125 Colombia 78
46%
259 Dominica 161
46%
No matching quizzes found
Score Distribution
Percent of People with Each Score
Percentile by Number Answered
Your Score History
You have not taken this quiz